000 00564nam a2200217Ia 4500
005 20260115172749.0
008 008 260114s9999 xx 000 0 eng d
020 _a9781447343684
037 _aEBOOK
040 _aCRL
_beng
_cCRL
041 _aeng
_2eng
084 _qCRL
100 _aKendall
_9878449
245 0 _aRegulating Police Detention
260 _bBristol University Press
260 _bCambridge University Press
260 _c2022
856 _uhttps://doi.org/10.46692/9781447343684
942 _cEBOOK
999 _c1477054
_d1477054